Top 100 football players since 2017 (according to chatGPT) - Statistics

General Stats
  • This quiz has been taken 72 times
  • The average score is 80 of 100
Answer Stats
Number Country/Position Main Team Answer % Correct
2. Portugal/LW+ST Juventus Cristiano Ronaldo
100%
7. France/LW+ST Paris Saint Germain Kylian Mbappe
100%
1. Argentina/RW Barcelona Lionel Messi
100%
18. Norway/ST Manchester City Erling Haaland
98%
3. Belgium/CM Manchester City Kevin De Bruyne
98%
5. Croatia/CM Real Madrid Luka Modric
98%
9. Brazil/LW Paris Saint Germain Neymar Jr
98%
6. Netherlands/CB Liverpool Virgil Van Dijk
98%
13. France/ST Real Madrid Karim Benzema
97%
8. Egypt/RW Liverpool Mohammed Salah
97%
4. Poland/ST Bayern Munich Robert Lewandowski
97%
10. Spain/CB Real Madrid Sergio Ramos
97%
16. Brazil/GK Liverpool Alisson Becker
95%
17. England/ST Tottenham Hotspur Harry Kane
95%
12. Slovenia/GK Atletico Madrid Jan Oblak
95%
32. Uruguay/ST Barcelona Luis Suarez
95%
11. Senegal/LW Liverpool Sadio Mane
95%
35. South Korea/CF Tottenham Hotspur Son Heung-Min
95%
29. Spain/CB Barcelona Gerard Pique
94%
14. Germany/CDM+RB Bayern Munich Joshua Kimmich
94%
24. Germany/GK Bayern Munich Manuel Neuer
94%
20. Germany/GK Barcelona Marc-Andre ter Stegen
94%
15. France/CDM Chelsea Ngolo Kante
94%
19. France/CF Atletico Madrid Antoine Griezmann
92%
31. Spain/GK Manchester United David de Gea
92%
22. Belgium/LW Chelsea Eden Hazard
92%
27. Belgium/ST Manchester United Romelu Lukaku
92%
25. Germany/CM Real Madrid Toni Kroos
92%
33. Portugal/RW+CAM Manchester City Bernardo Silva
90%
36. Netherlands/CM Barcelona/Ajax Frenkie de Jong
90%
23. France/CM Juventus/ManU Paul Pogba
90%
21. Brazil/CB Paris Saint Germain Thiago Silva
90%
40. Sweden/ST AC Milan Zlatan Ibrahimovic
90%
30. Brazil/RB Barcelona/PSG Dani Alves
89%
38. Uruguay/ST Paris Saint Germain Edinson Cavani
89%
41. France/GK Tottenham Hotspur Hugo Lloris
89%
43. Costa Rica/GK PSG/Real Madrid Keylor Navas
89%
62. England/CAM+LW Manchester City Phil Foden
89%
4.2 Germany/CAM Bayern Munich Thomas Muller
89%
51. Brazil/CDM Real Madrid Casemiro
85%
54. Spain/RB Real Madrid Dani Carvajal
85%
89. Argentina/GK Aston Villa Emiliano Martinez
85%
34. England/RM Borussia Dortmund/ManU Jadon Sancho
85%
64. Argentina/ST Inter Milan Lautaro Martinez
85%
39. Germamy/LW Manchester City/Bayern Leroy Sane
85%
28. Gabon/ST Borussia Dortmund Pierre-Emerick Aubameyang
85%
56. Argentina/RW Paris Saint Germain Angel di Maria
84%
60. Portugal/CAM Manchester United Bruno Fernandes
84%
59. Morocco/RB Paris Saint Germain Achraf Hakimi
82%
50. Italy/ST Lazio Ciro Immobile
82%
88. Brazil/GK Manchester City Ederson
82%
48. France/CB Real Madrid Raphael Varane
82%
45. Brazil/CF Liverpool Roberto Firmino
82%
49. Netherlands/CB Juventus/Bayern Matthijs de Ligt
81%
26. England/LW Manchester City Raheem Sterling
81%
75. Spain/CDM Manchester City Rodri
81%
44. Spain/CDM Barcelona Sergio Busquets
81%
83. England/RB Liverpool Trent Alexander-Arnold
81%
80. Scotland/LB Liverpool Andrew Robertson
77%
63. England/CB Manchester City John Stones
77%
55. Spain/LB Barcelona Jordi Alba
77%
96. Algeria/RW Manchester City Riyad Mahrez
77%
71. Portugal/CB Manchester City Ruben Dias
77%
77. England/CDM Arsenal/West Ham Declan RIce
76%
57. Portugal/RB Manchester City/Juve Joao Cancelo
76%
66. Spain/GK Chelsea Kepa
76%
69. Brazil/LW Real Madrid Vinicius Jnr
76%
82. USA/LW Chelsea Christian Pulisic
74%
92. Croatia/CM Barcelona Ivan Rakitic
74%
65. Germany/CAM Chelsea/Arsenal Kai Havertz
74%
74. Brazil/CDM Liverpool Fabinho
73%
52. Italy/CB Juventus Leonardo Bonucci
73%
53. Spain/CB Manchester City Aymeric Laporte
71%
81. Portugal/CF Atletico Madrid Joao Felix
71%
58. Senegal/CB Napoli Kalidou Koulibaly
71%
91. France/LB AC Milan Theo Hernandez
71%
78. Nigeria/ST Napoli Victor Osimhen
71%
95. Denmark/CAM Tottenham Hotspur Christian Eriksen
69%
47. Belgium/CF Napoli Dries Mertens
69%
73. France/CB Paris Saint Germain Lucas Hernandez
69%
98. Argentina/CF Juventus Paulo Dybala
69%
85. Germany/RM Bayern Munich Serge Gnabry
69%
100. Spain/CM Liverpool/Bayern Munich Thiago Alcantara
69%
72. Italy/CDM Newcastle United/AC Milan Sandro Tonali
68%
68. France/CB Bayern Munich Dayot Upamecano
66%
76. England/CAM Tottenham Hotspur/Leicester James Maddison
66%
99. Italy/CM Paris Saint Germain Marco Veratti
66%
79. Italy/CM Inter Milan Nicolo Barella
66%
84. Italy/CM Chelsea Jorginho
65%
67. Sweden/RM Tottenham Hotspur/Juve Dejan Kulusevski
63%
70. Italy/RW Juventus Federico Chiesa
63%
61. England/CAM Chelsea Mason Mount
63%
86. Germany/ST Chelsea Timo Werner
63%
97. Spain/CAM RB Leipzig Dani Olmo
61%
90. Brazil/ST Everton Richarlison
61%
87. Portugal/CM Wolves Ruben Neves
58%
46. Spain/ST Villareal Gerard Moreno
55%
93. France/CDM Juventus Blaise Matuidi
47%
94. Netherlands/CF Ajax Memphis Depay
26%
37. Norway/ST Everton Joshua King
21%
No matching quizzes found
Score Distribution
Percent of People with Each Score
Percentile by Number Answered
Your Score History
You have not taken this quiz